Normal view MARC view
  • Suson, Marlene

Entry Nombre Personal

Number of records used in: 1

001 - NUMERO DE CONTROL

  • campo de control: 50443

003 - IDENTIFICADOR DE NUMERO DE CONTROL

  • campo de control: DLC

005 - FECHA Y HORA DE LA ÜLTIMA TRANSACCIÓN

  • campo de control: 20231025161312.0

008 - DATOS DE LONGITUD FIJA

  • campo de control de longitud fija: 961011n| azannaabn |a aaa c

010 ## - NÚMERO DE CONTROL DE LA BIBLIOTECA DEL CONGRESO

  • Número de control LC: no 96052890

035 ## - NUMERO DE CONTROL

  • Número de control: (OCoLC)oca04182687

040 ## - FUENTE DE CATALOGACIÓN

  • Agencia original de catalogación: IWhN
  • Lenguaje de catalogación: spa
  • Description conventions: rda
  • Agencia de transcripción: IWhN
  • Agencia que lo modifica: OCl
  • Agencia que lo modifica: DLC
  • Agencia que lo modifica: MX-MxUPN

100 1# - ENCABEZAMIENTO - NOMBRE PERSONAL

  • Nombre personal: Suson, Marlene

400 1# - VEÁSE - NOMBRE DE PERSONA

  • Personal name: Sweeney, Joan
  • Titles and other words associated with a name: (Romance novelist)

670 ## - FUENTE EN LA QUE SE LOCALIZARON DATOS

  • Cita de la fuente: Midnight bandit, c1996:
  • Información localizada: portada (Marlene Suson) copyr. (Joan Sweeney) solapa (periodista y novelista)

670 ## - FUENTE EN LA QUE SE LOCALIZARON DATOS

  • Cita de la fuente: La fuerza del deseo, 1983:
  • Información localizada: portada (Marlene Suson)

902 ## - CATALOGADOR

  • Catalogador: Víctor Ruiz/251023